|
|
|
|
| LEADER |
02732nam a22004935i 4500 |
| 001 |
978-3-319-12012-6 |
| 003 |
DE-He213 |
| 005 |
20151204160201.0 |
| 007 |
cr nn 008mamaa |
| 008 |
141031s2015 gw | s |||| 0|eng d |
| 020 |
|
|
|a 9783319120126
|9 978-3-319-12012-6
|
| 024 |
7 |
|
|a 10.1007/978-3-319-12012-6
|2 doi
|
| 040 |
|
|
|d GrThAP
|
| 050 |
|
4 |
|a Q342
|
| 072 |
|
7 |
|a UYQ
|2 bicssc
|
| 072 |
|
7 |
|a COM004000
|2 bisacsh
|
| 082 |
0 |
4 |
|a 006.3
|2 23
|
| 245 |
1 |
0 |
|a Proceedings of the 3rd International Conference on Frontiers of Intelligent Computing: Theory and Applications (FICTA) 2014
|h [electronic resource] :
|b Volume 2 /
|c edited by Suresh Chandra Satapathy, Bhabendra Narayan Biswal, Siba K. Udgata, J. K. Mandal.
|
| 264 |
|
1 |
|a Cham :
|b Springer International Publishing :
|b Imprint: Springer,
|c 2015.
|
| 300 |
|
|
|a XVIII, 805 p. 394 illus.
|b online resource.
|
| 336 |
|
|
|a text
|b txt
|2 rdacontent
|
| 337 |
|
|
|a computer
|b c
|2 rdamedia
|
| 338 |
|
|
|a online resource
|b cr
|2 rdacarrier
|
| 347 |
|
|
|a text file
|b PDF
|2 rda
|
| 490 |
1 |
|
|a Advances in Intelligent Systems and Computing,
|x 2194-5357 ;
|v 328
|
| 505 |
0 |
|
|a Network and Information Security, Grid Computing and Clod Computing -- Cyber Security and Digital Forensics -- Advanced research in ‘Computer Vision, Signal, Image and Video Processing -- Application of Software Engineering in Multidisciplinary Domains.- Ad-hoc and Wireless Sensor Networks.
|
| 520 |
|
|
|a This volume contains 87 papers presented at FICTA 2014: Third International Conference on Frontiers in Intelligent Computing: Theory and Applications. The conference was held during 14-15, November, 2014 at Bhubaneswar, Odisha, India. This volume contains papers mainly focused on Network and Information Security, Grid Computing and Clod Computing, Cyber Security and Digital Forensics, Computer Vision, Signal, Image & Video Processing, Software Engineering in Multidisciplinary Domains and Ad-hoc and Wireless Sensor Networks. .
|
| 650 |
|
0 |
|a Engineering.
|
| 650 |
|
0 |
|a Artificial intelligence.
|
| 650 |
|
0 |
|a Computational intelligence.
|
| 650 |
1 |
4 |
|a Engineering.
|
| 650 |
2 |
4 |
|a Computational Intelligence.
|
| 650 |
2 |
4 |
|a Artificial Intelligence (incl. Robotics).
|
| 700 |
1 |
|
|a Satapathy, Suresh Chandra.
|e editor.
|
| 700 |
1 |
|
|a Biswal, Bhabendra Narayan.
|e editor.
|
| 700 |
1 |
|
|a Udgata, Siba K.
|e editor.
|
| 700 |
1 |
|
|a Mandal, J. K.
|e editor.
|
| 710 |
2 |
|
|a SpringerLink (Online service)
|
| 773 |
0 |
|
|t Springer eBooks
|
| 776 |
0 |
8 |
|i Printed edition:
|z 9783319120119
|
| 830 |
|
0 |
|a Advances in Intelligent Systems and Computing,
|x 2194-5357 ;
|v 328
|
| 856 |
4 |
0 |
|u http://dx.doi.org/10.1007/978-3-319-12012-6
|z Full Text via HEAL-Link
|
| 912 |
|
|
|a ZDB-2-ENG
|
| 950 |
|
|
|a Engineering (Springer-11647)
|